00513cam a22001813 4500020001500000020001800015040001000033082002600043100002300069245005300092250001900145260005700164650001400221650003000235650002100265700002300286700002200309 a0073516899 a9780073516899 cYDXCP a004 MCG 2015 A115 Or.1 aO'Leary, Timothy J10aComputing essentials :bmaking IT work for you / aComplete 2015  aNew York, NY :bMcgraw Hill Higher Education,cc2015 2aComputers 2aAutomatic Data Processing 2aComputer Systems1 aO'Leary, Linda I 1 aO'Leary, Daniel A